Opce Perspektivní forma obchodování

Obchody s derivátmi cenných papierov - "risk management". Obchody s cennými papiermi: 1. promptný obchod, 2. termínovaný obchod, 3. opčné obchody. Opcie a odkladacia podmienka. Výhody opčných obchodov. Kúpne a predajné opcie. Budúcnosť opčných obchodov v ČR.

Saved in:
Bibliographic Details
Main Author: Guoth, J.
Format: Book Chapter
Language:Czech
Subjects:
Tags: Add Tag
No Tags, Be the first to tag this record!

MARC

LEADER 00000naa a2200000 4500
001 r015615
005 20221213082003.1
041 0 |a cze 
044 |a CZ 
245 1 0 |a Opce  |b Perspektivní forma obchodování  |c J. Guoth 
520 |a Obchody s derivátmi cenných papierov - "risk management". Obchody s cennými papiermi: 1. promptný obchod, 2. termínovaný obchod, 3. opčné obchody. Opcie a odkladacia podmienka. Výhody opčných obchodov. Kúpne a predajné opcie. Budúcnosť opčných obchodov v ČR. 
610 2 0 |a opcie 
610 2 0 |a obchody opčné 
610 2 0 |a trh finančný 
610 2 0 |a Česko 
100 1 |a Guoth, J.